| LEADER | 00691cam a2200205 7i4500 | ||
|---|---|---|---|
| 001 | 0000042452 | ||
| 005 | 20140605090000.0 | ||
| 020 | # | 0 | |a 1841261378 |
| 090 | 0 | 0 | |a GV 1002.9 T7 |b S7 2004 |
| 100 | 1 | # | |a Steinho·fel, Lutz |
| 245 | 1 | 0 | |a Competitive tennis : |b training exercises |c Lutz Steinho·fel; translated by James Beachus. |
| 250 | # | # | |a 2nd ed.. |
| 260 | # | # | |a Oxford: |b Meyer & Meyer Sport, |c 2004. |
| 300 | # | # | |a 176 p.: |b ill.; |c 21 cm.. |
| 500 | # | # | |a Original title: Leistungstennis - Neue Trainingsformen |
| 590 | # | # | |a Pusat Pendidikan Asas dan Liberal |
| 650 | 0 | 0 | |a Tennis |
| 650 | 0 | 0 | |a Tennis -- |x Training |
| 700 | 1 | 1 | |a Beachus, |h James |
| 999 | |a 1100029625 |b Book |c Open Shelf |e KOLEKSI TERBUKA | ||


